000 00969cam a22002174a 4500
005 20250605164121.0
008 250528s ||||||||||||||||||||||||d
035 _a18266
020 _a415040981
040 _aGR-AtMCL
_bgre
_dGR-AtMCL
_eAACR2
245 1 _aCoping with Catastrophe / A Handbook of Disaster Management
250 _a1st
260 _bRouledge,
_c1991
300 _a230
520 _aIt provides a vivid and moving account of experiences of survival and bereavement, and gives a summary of up-to-date thinking about the psychological effects of disaster. Acknowledgements, Introduction, Survival and Bereavement, Man-made Disaster, Organizing for Disaster, Outreach of Survivors, Consulting and Debriefing, Treating Post Traumatic Stress and Abnormal Grief, Disaster Workers, Appendix A, References, Index.
700 1 _aHodgkinson Peter E
_94543
700 1 _aStewart Michael
_94544
942 _cBK
999 _c3635
_d3635